000 00656nam a2200205Ia 4500
003 IN-BaIIA
008 211028s9999 xx 000 0 eng d
020 _a0-12-635250-X
040 _cIIA Library
080 _a524.83
_bSEG
100 _aSegal, Irving Ezra
_98679
245 0 _aMathematical cosmology and extragalactic astronomy
_cI. E. Segal
260 _aNew York
_bAcademic Press
_c1976
300 _aix, 204p.
490 _aPure and applied mathematics: a series of monographs and textbooks; v. 68
650 _a Cosmology 
_98047
650 _a Galactic astronomy
_98680
650 _aAstronomy and astrophysics thesaurus 
_91143
942 _cBK
999 _c4862
_d4862